000 00674nam a22002057a 4500
005 20110628104557.0
008 110628t xxu||||| |||| 00| 0 eng d
010 _aENG-102797
020 _a9788176211973
_c225.00
035 _aEN-86330
037 _bDBAD/PUB
040 _adpl
_bEnglish
100 _aBharucha, Ruzbeh N.
_928896
245 _aThe fakir /
_cby Ruzbeh N. Bharucha
260 _aNew Delhi
_bFull Circle
_c2010
270 _aJ-40,Jorbagh Lane
_bNew Delhi
_e110003
300 _a247p.
_b21cm (pbk)
942 _2ddc
_cEN
_mBHA
999 _c53294
_d53294